000
00351nam a2200157Ia 4500
999
_c
10390
_d
10390
003
OSt
005
20220315182213.0
008
220308s9999 xx 000 0 und d
020
_a
9788957705131
082
_a
720.483
245
0
_a
TA Exhibition Culture(Theme Architecture)
260
_b
Archiworld
365
_c
USD
365
_d
76
942
_2
ddc